La divina proporción : obra muy necesaria a todos los ingenios perspicaces y curiosos, con la que todo estudioso de filosofía, perspectiva, pintura, escultura, arquitectura, música y otras disciplinas matemáticas conseguirá suavísima, sutil y admirable doctrina___ /
Luca Pacioli (Italia, 1445-1517) fue un matemático precursor del cálculo de probabilidades, considerado también padre de la contabilidad moderna. En La divina proporción, su obra más importante, plantea su concepción de las matemáticas y expone su concepción del número áureo, fundamental para la est...
Guardat en:
| Autor principal: | |
|---|---|
| Altres autors: | |
| Format: | Llibre |
| Idioma: | espanyol |
| Publicat: |
Buenos Aires, Argentina :
Losada,
1959, c1946
|
| Matèries: | |
| Etiquetes: |
Sense etiquetes, Sigues el primer a etiquetar aquest registre!
|
MARC
| LEADER | 00000nam^a2200000^a^4500 | ||
|---|---|---|---|
| 001 | 000314677 | ||
| 005 | 20250526000000.0 | ||
| 008 | 110928 19591946 | ||
| 009 | 20260310113222.186 | ||
| 037 | |a Acervo ITESO - Biblioteca | ||
| 041 | |a ESP | ||
| 082 | |a 701. 05 |b PAC | ||
| 100 | |a Pacioli, Luca |e (autor) | ||
| 240 | 1 | 4 | |a [La divina proporción] |
| 245 | 1 | 3 | |a La divina proporción : |b obra muy necesaria a todos los ingenios perspicaces y curiosos, con la que todo estudioso de filosofía, perspectiva, pintura, escultura, arquitectura, música y otras disciplinas matemáticas conseguirá suavísima, sutil y admirable doctrina___ / |c L. Pacioli ; pról. de A. Mieli. |
| 264 | 4 | |a Buenos Aires, Argentina : |b Losada, |c 1959, c1946 | |
| 300 | |a 343 p. ; |c 28.0 cm. | ||
| 336 | |a texto |b txt |2 rdacontenido | ||
| 337 | |a sin mediación |b n |2 rdamedio | ||
| 338 | |a volumen |b nc |2 rdasoporte | ||
| 520 | |a Luca Pacioli (Italia, 1445-1517) fue un matemático precursor del cálculo de probabilidades, considerado también padre de la contabilidad moderna. En La divina proporción, su obra más importante, plantea su concepción de las matemáticas y expone su concepción del número áureo, fundamental para la estética renacentista. | ||
| 546 | |a Edición bilingüe español-inglés | ||
| 649 | |a XX | ||
| 650 | |a Proporción - |x Teoría - |x Tema Principal | ||
| 650 | |a Proporción - |x Teoría | ||
| 650 | |a Perspectiva - |x Teoría | ||
| 650 | |a Geometría Proyectiva | ||
| 650 | |a Matemáticas | ||
| 650 | |a Estética | ||
| 650 | |a Arte Renacentista - |x Teoría | ||
| 650 | |a Arte - |x Teoría | ||
| 700 | |a Mieli, Aldo |e (prólogo) | ||
| 910 | |a Fondo Ignacio Díaz Morales | ||
| 920 | |a Impresos - Libros | ||
| 930 | |a Libros Antiguos y Raros | ||
| 940 | |a Arquitectos Jaliscienses | ||
| 905 | |a 108 | ||
| 901 | |a 0500201343 |b IT2 |c LRA |i D56723 |u 20250526 | ||
| 902 | |a https://opac.biblio.iteso.mx/vufind/Record/000314677 | ||